000 00476cam a2200145 4500500
005 20260208022726.0
041 _afre
042 _adc
100 1 0 _aAlante-Lima, Willy
_eauthor
245 0 0 _aFadel Dia : La Raparille, Sylvie Kandé
260 _c2009.
500 _a19
786 0 _nPrésence Africaine | 179-180 | 1 | 2009-02-01 | p. 261b-269b | 0032-7638
856 4 1 _uhttps://shs.cairn.info/revue-presence-africaine-2009-1-page-261b?lang=fr&redirect-ssocas=7080
999 _c1661335
_d1661335